Handbook of Local Anesthesia / (Record no. 36734)

MARC details
000 -LEADER
fixed length control field 00548nam a22001937a 4500
005 - DATE AND TIME OF LATEST TRANSACTION
control field 20241031151602.0
008 - FIXED-LENGTH DATA ELEMENTS--GENERAL INFORMATION
fixed length control field 241031b |||||||| |||| 00| 0 eng d
020 ## - INTERNATIONAL STANDARD BOOK NUMBER
ISBN 978-0-323-58207-0
082 ## - DEWEY DECIMAL CLASSIFICATION NUMBER
Classification number 617.692
Item number MAL-H
100 ## - MAIN ENTRY--AUTHOR
Author Name Malamed, Stanley. L
245 ## - TITLE STATEMENT
Title Handbook of Local Anesthesia /
Statement of responsibility, etc. by Stanley L. Malamed
250 ## - EDITION STATEMENT
Edition statement 7th ed.
260 ## - PUBLICATION, DISTRIBUTION, ETC.
Place of Publication China :
Name of publisher, distributor, etc. Elsevier ;
Date of publication, distribution, etc. 2020 .
300 ## - PHYSICAL DESCRIPTION
Pages xv, 445 p. :
500 ## - GENERAL NOTE
General note Include Index.
650 ## - SUBJECT ADDED ENTRY--TOPICAL TERM
Subject / Department Medical/Dentistry
650 ## - SUBJECT ADDED ENTRY--TOPICAL TERM
Subject / Department Dentistry / Anesthesia
300 ## - PHYSICAL DESCRIPTION
-- ill. ;
-- 28 cm,
952 ## - LOCATION AND ITEM INFORMATION (KOHA)
-- 0
-- 0
952 ## - LOCATION AND ITEM INFORMATION (KOHA)
-- 0
-- 0
952 ## - LOCATION AND ITEM INFORMATION (KOHA)
-- 0
-- 0
952 ## - LOCATION AND ITEM INFORMATION (KOHA)
-- 0
-- 0
952 ## - LOCATION AND ITEM INFORMATION (KOHA)
-- 0
-- 0
952 ## - LOCATION AND ITEM INFORMATION (KOHA)
-- 0
-- 0
Holdings
Lost status Damaged status Collection code Permanent Location Current Location Shelving Location Date acquired Full Call Number Accession No./Barcode Date last seen Copy number item type Koha item type
    Medical Superior Information Resource Center (SIRC) Superior University- Main Campus Superior Information Resource Center (SIRC) Superior University- Main Campus Anesthesia 10/31/2024 617.692 MAL-H 2020 29660 04/09/2025 1 BOOK BOOK
    Medical Superior Information Resource Center (SIRC) Superior University- Main Campus Superior Information Resource Center (SIRC) Superior University- Main Campus Anesthesia 10/31/2024 617.692 MAL-H 2020 29661 10/31/2024 2 BOOK BOOK
    Medical Superior Information Resource Center (SIRC) Superior University- Main Campus Superior Information Resource Center (SIRC) Superior University- Main Campus Anesthesia 10/31/2024 617.692 MAL-H 2020 29662 10/31/2024 3 BOOK BOOK
    Medical Superior Information Resource Center (SIRC) Superior University- Main Campus Superior Information Resource Center (SIRC) Superior University- Main Campus Anesthesia 10/31/2024 617.692 MAL-H 2020 29663 10/31/2024 4 BOOK BOOK
    Medical Superior Information Resource Center (SIRC) Superior University- Main Campus Superior Information Resource Center (SIRC) Superior University- Main Campus Anesthesia 10/31/2024 617.692 MAL-H 2020 29664 10/31/2024 5 BOOK BOOK
    Medical Superior Information Resource Center (SIRC) Superior University- Main Campus Superior Information Resource Center (SIRC) Superior University- Main Campus Anesthesia 10/31/2024 617.692 MAL-H 2020 29665 10/31/2024 6 BOOK BOOK

Powered by Koha